Marcatori dell'Inter in UEFA Europa League 2019-2020 - Statistics

Statistiche generali
  • Questo quiz è stato fatto 39 volte
  • Il punteggio medio è 12 su 15
Statistiche sulle risposte
Partita Minuto Marcatore % Corretto
Inter - Shakhtar Donetsk 5-0 19' Lautaro Martínez
100%
Inter - Shakhtar Donetsk 5-0 74' Lautaro Martínez
100%
Ludogorec - Inter 0-2 95' Romelu Lukaku
97%
Inter - Ludogorec 2-1 49' Romelu Lukaku
97%
Inter - Getafe 2-0 33' Romelu Lukaku
97%
Inter - Bayer Leverkusen 2-1 21' Romelu Lukaku
97%
Inter - Shakhtar Donetsk 5-0 78' Romelu Lukaku
97%
Inter - Shakhtar Donetsk 5-0 84' Romelu Lukaku
97%
Siviglia - Inter 3-2 5' Romelu Lukaku
97%
Inter - Bayer Leverkusen 2-1 15' Nicolò Barella
91%
Siviglia - Inter 3-2 36' Diego Godín
75%
Ludogorec - Inter 0-2 71' Christian Eriksen
53%
Inter - Getafe 2-0 83' Christian Eriksen
53%
Inter - Shakhtar Donetsk 5-0 64' Danilo D'Ambrosio
44%
Inter - Ludogorec 2-1 32' Cristiano Biraghi
22%
Nessun quiz corrispondente trovato
Distribuzione punteggi
Percentuale di utenti per punteggio
Percentile per numero di risposta
I tuoi punteggi nel tempo
Non hai fatto questo quiz